00553 2200217 4500001002100000005001700021008004100038020001800079035002400097043001200121082001100133090002200144100001200166245003600178250001000214260003100224300002600255504001200281650002100293999002100314YOGYA-0411000000096520110412084510.0 ind  a979-497-979-1 0010-041100000000965 aYOPDYOG a633.58 aDEP 633.58bWar B aWARISNO aBudidaya kelapa kopyorcWarisno aCet.1 aYogyakartabKanisiusc1998 a75 hlm.bilus.c26 cm ahlm. 75 aKelapa- budidaya a1998-110 CB-D.II